Statistics for 日本の外国人

Click here to take the quiz!

General Stats

  • This quiz has been taken 989 times
  • The average score is 7 of 10

Answer Stats

人口国籍% Correct
695,522中国
99%
453,096韓国
96%
53,705米国
93%
47,647タイ
88%
199,990ベトナム
78%
243,662フィリピン
71%
53,768台湾
70%
180,923ブラジル
67%
67,470ネパール
24%
47,740ペルー
16%

Score Distribution

Percentile by Number Answered

Percent of People with Each Score

Your Score History

You have not taken this quiz